| 000 | 00718nam a22002297a 4500 | ||
|---|---|---|---|
| 003 | BUBTL | ||
| 008 | 240523b ||||| |||| 00| 0 eng d | ||
| 020 | _a9789393329462 | ||
| 041 | _aeng | ||
| 082 | _a370.113/ Sh233t/ 2022 | ||
| 100 |
_95834 _aSharma, Virendra Kumar |
||
| 245 |
_aThe Trainer's Toolkit / _cVirendra Kumar Sharma |
||
| 250 | _a1st ed | ||
| 260 |
_aNew Delhi: _bViva Books, _cc2022 |
||
| 300 |
_ax, 88 p.: _c22 cm. |
||
| 500 | _aIncludes Index | ||
| 505 | _aThe Trainer's Toolkit, Principles of Learning, Assessment of Training Needs, Practical Skill Training, Assertiveness | ||
| 650 | 0 |
_93550 _aEnglish |
|
| 856 |
_k0 _l0 _yDownload |
||
| 942 |
_2ddc _cBK |
||
| 999 |
_c7325 _d7325 |
||